[Event "TUR Cup"]
[Site "Antalya"]
[Date "2019.01.30"]
[Round "6"]
[White "Cakmak, Sarven"]
[Black "Erol, Harun Eser"]
[Result "1-0"]
[WhiteElo "1780"]
[BlackElo "1464"]
[PlyCount "83"]
[EventDate "2019.01.27"]
[EventType "swiss"]
[EventRounds "11"]
[EventCountry "TUR"]
[SourceTitle "CBM 188 Extra"]
[Source "ChessBase"]
[SourceDate "2019.02.26"]
[SourceVersion "1"]
[SourceVersionDate "2019.02.26"]
[SourceQuality "1"]

1. c4 c5 2. Nc3 d6 3. Nf3 Nc6 4. d4 cxd4 5. Nxd4 g6 6. e4 Bg7 7. Be3 Nf6 8. f3 0-0 9. Be2 a6 10. 0-0 Bd7 11. Qd2 Rb8 12. Rfd1 Qc7 13. Rac1 Rfc8 14. Nd5 Qd8 15. b4 Nxd5 16. exd5 Ne5 17. c5 dxc5 18. bxc5 Ba4 19. Nb3 Qe8 20. Qa5 Bb5 21. Nd4 Bxe2 22. Nxe2 e6 23. d6 Nc6 24. Qd2 Qd7 25. Nc3 Bxc3 26. Qxc3 Re8 27. Bh6 e5 28. Re1 f6 29. f4 Qf5 30. fxe5 Nxe5 31. Rf1 Qh5 32. Bf4 Nd7 33. c6 bxc6 34. Qxc6 Rbd8 35. Qxa6 Ne5 36. Rcd1 Nf7 37. Qc4 Kf8 38. d7 Re2 39. Bc7 Ra8 40. d8Q+ Nxd8 41. Rxd8+ Rxd8 42. Bxd8 1-0

[Event "TUR Cup"]
[Site "Antalya"]
[Date "2019.01.28"]
[Round "2"]
[White "Temel, Nurcan"]
[Black "Erol, Harun Eser"]
[Result "0-1"]
[WhiteElo "1319"]
[BlackElo "1464"]
[PlyCount "114"]
[EventDate "2019.01.27"]
[EventType "swiss"]
[EventRounds "11"]
[EventCountry "TUR"]
[SourceTitle "CBM 188 Extra"]
[Source "ChessBase"]
[SourceDate "2019.02.26"]
[SourceVersion "1"]
[SourceVersionDate "2019.02.26"]
[SourceQuality "1"]

1. e4 e6 2. d4 d5 3. e5 c5 4. c3 Nc6 5. Nf3 Nge7 6. Be2 cxd4 7. cxd4 Nf5 8. 0-0 Qb6 9. Nc3 Nfxd4 10. Nxd4 Nxd4 11. Be3 Nxe2+ 12. Qxe2 Qd8 13. Rfd1 Be7 14. Qg4 g6 15. Bh6 Bd7 16. Rac1 Bf8 17. Bxf8 Kxf8 18. Qb4+ Kg7 19. Ne2 Bc6 20. Nd4 Rc8 21. Nxc6 bxc6 22. Rc2 Qc7 23. Qf4 Qe7 24. Rdc1 c5 25. Qf6+ Qxf6 26. exf6+ Kxf6 27. Rxc5 Rxc5 28. Rxc5 Rd8 29. Kf1 Rd7 30. Ke2 Ke5 31. Kd3 Rb7 32. b3 Kd6 33. Rc8 e5 34. f3 f5 35. Rd8+ Rd7 36. Rc8 Rc7 37. Rd8+ Kc6 38. f4 e4+ 39. Kd4 Re7 40. Rxd5 Rd7 41. Rxd7 Kxd7 42. h3 Kc6 43. g4 Kb5 44. a3 h6 45. h4 h5 46. g5 a5 47. Kc3 Kc5 48. a4 e3 49. Kd3 Kb4 50. Kxe3 Kxb3 51. Kd3 Kxa4 52. Kc4 Ka3 53. Kc3 a4 54. Kc2 Kb4 55. Kb2 Kc4 56. Ka3 Kd3 57. Kxa4 Ke4 0-1

[Event "TUR Cup"]
[Site "Antalya"]
[Date "2019.01.27"]
[Round "1"]
[White "Erol, Harun Eser"]
[Black "Sahin, Handenur"]
[Result "0-1"]
[WhiteElo "1464"]
[BlackElo "1998"]
[PlyCount "72"]
[EventDate "2019.01.27"]
[EventType "swiss"]
[EventRounds "11"]
[EventCountry "TUR"]
[SourceTitle "CBM 188 Extra"]
[Source "ChessBase"]
[SourceDate "2019.02.26"]
[SourceVersion "1"]
[SourceVersionDate "2019.02.26"]
[SourceQuality "1"]

1. f4 d5 2. Nf3 Nf6 3. e3 Bg4 4. d4 e6 5. Bd3 Nbd7 6. Nbd2 c5 7. c3 Bd6 8. 0-0 cxd4 9. cxd4 0-0 10. Qe1 Bf5 11. Bxf5 exf5 12. Nh4 g6 13. Qg3 Kh8 14. Qh3 Rc8 15. Ndf3 Ne4 16. Ne5 Nxe5 17. fxe5 Be7 18. Nf3 Bg5 19. Nd2 Rxc1 20. Rfxc1 Nxd2 21. b3 Ne4 22. Rc2 Qb6 23. Rac1 Kg7 24. Qf3 Re8 25. Kh1 Re6 26. Rf1 Rc6 27. Rxc6 Qxc6 28. Qe2 Qc3 29. Re1 Bh4 30. Rf1 Bg5 31. Re1 h5 32. Kg1 f4 33. exf4 Qxd4+ 34. Qe3 Qxe3+ 35. Rxe3 Bxf4 36. Rd3 d4 0-1

[Event "TUR Cup										"]
[Site "Antalya"]
[Date "2018.01.27"]
[Round "1"]
[White "Unat, Can Haktan"]
[Black "Erol, Harun Eser"]
[Result "1-0"]
[WhiteElo "1980"]
[BlackElo "1555"]
[PlyCount "113"]
[EventDate "2018.01.27"]
[EventType "swiss"]
[EventRounds "11"]
[EventCountry "TUR"]
[SourceTitle "CBM 182 Extra"]
[Source "ChessBase"]
[SourceDate "2018.02.23"]
[SourceVersion "1"]
[SourceVersionDate "2018.02.23"]
[SourceQuality "1"]

1. e4 e6 2. Nc3 d5 3. d4 Nf6 4. e5 Nfd7 5. f4 c5 6. Nf3 Nc6 7. Be3 f6 8. Bd3 Qb6 9. exf6 Nxf6 10. dxc5 Bxc5 11. Bxc5 Qxc5 12. Qe2 Bd7 13. 0-0-0 0-0-0 14. Ng5 Rde8 15. Kb1 h6 16. Nf7 Rhf8 17. Bg6 Re7 18. Ne5 Be8 19. Rhe1 Qb6 20. Nxc6 bxc6 21. Bxe8 Rfxe8 22. Kc1 e5 23. fxe5 Rxe5 24. Qd2 Ne4 25. Qf4 Nxc3 26. Rxe5 Rxe5 27. Qxe5 Nxd1 28. Qe8+ Kb7 29. Qf7+ Qc7 30. Qxc7+ Kxc7 31. Kxd1 Kd6 32. Kd2 Kc5 33. Kd3 Kd6 34. b4 c5 35. c3 a6 36. a3 Kc6 37. c4 dxc4+ 38. Kxc4 cxb4 39. Kxb4 Kb6 40. a4 a5+ 41. Kc4 Kc6 42. g4 g5 43. h3 Kd6 44. Kb5 Ke5 45. Kxa5 Kf4 46. Kb6 Kg3 47. a5 Kxh3 48. a6 Kxg4 49. a7 Kh4 50. a8Q g4 51. Qh1+ Kg5 52. Qc1+ Kh5 53. Qf4 g3 54. Kc5 g2 55. Qh2+ Kg5 56. Qxg2+ Kh4 57. Qg6 1-0

[Event "Antalya-ch"]
[Site "Antalya"]
[Date "2014.11.16"]
[Round "3"]
[White "Barik, Ertunc Bahadir"]
[Black "Erol, Harun Eser"]
[Result "0-1"]
[WhiteElo "1619"]
[BlackElo "1405"]
[PlyCount "62"]
[EventDate "2014.11.15"]
[EventType "swiss"]
[EventRounds "7"]
[EventCountry "TUR"]
[SourceTitle "EXT 2016"]
[Source "ChessBase"]
[SourceDate "2015.10.08"]
[SourceVersion "1"]
[SourceVersionDate "2015.10.08"]
[SourceQuality "1"]

1. c4 e5 2. e3 c5 3. Nc3 Nf6 4. d4 cxd4 5. exd4 exd4 6. Qxd4 Nc6 7. Qd3 Bc5 8. Nf3 0-0 9. Be2 d6 10. 0-0 Re8 11. Bf4 Be6 12. Rad1 Nb4 13. Qd2 d5 14. a3 Nc6 15. Nb5 Rc8 16. Ng5 a6 17. Nxe6 fxe6 18. cxd5 exd5 19. Nc3 Ne4 20. Qxd5+ Qxd5 21. Nxd5 Nxf2 22. Rxf2 Rxe2 23. b4 Bxf2+ 24. Kf1 Rce8 25. Be3 Rc2 26. Bxf2 Rf8 27. Re1 Rfxf2+ 28. Kg1 Rxg2+ 29. Kh1 Rxh2+ 30. Kg1 Rcg2+ 31. Kf1 Rh1+ 0-1